000 00448nam a2200157Ia 4500
008 210210b2000 xxu||||| |||| 00| 0 eng d
020 _a81 269 0309 0
082 _a820.309 MOHS
100 _aMOHAN (T M J Indra). ed.
245 _aShashi Deshpande: A critical spectrum.
260 _aN D
_bAtlantic Publishers And Distributors.
_c2000
300 _ax,214
650 _aShashi Deshpande
690 _aIndian English Criticism
906 _a060475
999 _c107580
_d107580